A HISTORY OFCLASSICAL SOCIOLOGY (Record no. 12704)

MARC details
000 -LEADER
fixed length control field 00385nam a22001697a 4500
003 - CONTROL NUMBER IDENTIFIER
control field OSt
005 - DATE AND TIME OF LATEST TRANSACTION
control field 20211014105319.0
008 - FIXED-LENGTH DATA ELEMENTS--GENERAL INFORMATION
fixed length control field 211014b |||||||| |||| 00| 0 eng d
020 ## - INTERNATIONAL STANDARD BOOK NUMBER
International Standard Book Number 5010011026
040 ## - CATALOGING SOURCE
Transcribing agency HU
082 ## - DEWEY DECIMAL CLASSIFICATION NUMBER
Classification number 304.2
100 ## - MAIN ENTRY--PERSONAL NAME
Personal name PROF/S.KON
9 (RLIN) 13586
245 ## - TITLE STATEMENT
Title A HISTORY OFCLASSICAL SOCIOLOGY
260 ## - PUBLICATION, DISTRIBUTION, ETC.
Name of publisher, distributor, etc. PROGRESS
Date of publication, distribution, etc. 1989
300 ## - PHYSICAL DESCRIPTION
Extent 376P
942 ## - ADDED ENTRY ELEMENTS (KOHA)
Source of classification or shelving scheme Dewey Decimal Classification
Koha item type Books like text book referance book
Suppress in OPAC No
Holdings
Withdrawn status Lost status Source of classification or shelving scheme Damaged status Not for loan Home library Current library Shelving location Date acquired Total Checkouts Full call number Barcode Date last seen Copy number Price effective from Koha item type
    Dewey Decimal Classification     Social Library Social Library General Stacks 10/14/2021   304.2/HIS SHLIB000002043 10/14/2021 1 10/14/2021 Books like text book referance book
    Dewey Decimal Classification     Social Library Social Library General Stacks 10/14/2021   304.2/HIS SHLIB000002044 10/14/2021 2 10/14/2021 Books like text book referance book
    Dewey Decimal Classification     Social Library Social Library General Stacks 10/14/2021   304.2/HIS SHLIB000002045 10/14/2021 3 10/14/2021 Books like text book referance book
    Dewey Decimal Classification     Social Library Social Library General Stacks 10/14/2021   304.2/HIS SHLIB000002046 10/14/2021 4 10/14/2021 Books like text book referance book